1192 1250 1033 1732 1167 1615 1402 1811 1489 1781 1734 1324 1977 1751 1727 1373 1460 1143 1167 1195 1557 1833 1976 1015 1491 1804 1528 1514 1453 1269 1442 1100 1265 1395 1118 1767 1401 1634 1242 1841 1446 1959 1772 1479 1738 1405 1390 1081 1749 1087 1068 1542 1454 1846 1826 1430 1329 1246 1862 1325 1474 1779 1236 1520 1338 1852 1462 1876 1570 1613 1406 1668 1431 1836 1641 1892 1892 1980 1531 1112 1106 1275 1358 1485 1872 1324 1140 1012 1908 1864 1009 1663 1426 1028 1141 1827 1105 1817 1252 BCNSPRNW ULIB Ver.6.0+V

เปลี่ยนเป็นภาษาไทย

Change to English
 แสดงรายละเอียดบรรณานุกรม
  กลับหน้าหลัก

Brief Record : Get Marc (ISO 2709) : E-mail record : QR code < ปิดหน้าต่าง
LEADER : 00000nam 2200000uu 4500
001    13399109954
003     ULIB
008    110419s2551||||th 000 0 tha d
020    9789740921547
060 04 WM105^bป525 2551
245 10 ปัญหาจิต ปัญหาใจ ปัญหาเด็ก--เด็ก--ปัญหาผู้ใหญ่แก้ไขได้ด้วยตัวคุณ / ^cคณะแพทยศาสตร์ จุฬาลงกรณ์มหาวิทยาลัย ; บรรณาธิการ ภุชงค์ เหล่ารุจิสวัสดิ์... [และคนอื่นๆ]
246 30 ปัญหาจิต ปัญหาใจปัญหาเด็ก..เด็ก..ปัญหาผู้ใหญ่แก้ไขได้ด้วยตัวคุณ
250    พิมพ์ครั้งที่ 2
260    กรุงเทพฯ :^bสรรพสาร,^c2551
300    102 หน้า :^bภาพประกอบ ;^c21 ซม.
440  0 ความรู้ทางการแพทย์สู่ประชาชน
650  7 สุขภาพจิต ^xรวมเรื่อง
650  7 สุขภาพจิต ^xในวัยเด็ก
650  7 สุขภาพจิต ^xในวัยผู้ใหญ่
700 0  ภุชงค์ เหล่ารุจิสวัสดิ์,^eบรรณาธิการ
710 2  จุฬาลงกรณ์มหาวิทยาลัย^bคณะแพทยศาสตร์
945    ^p90^l0^i025288
945    ^p90^l0^i025287
945    ^p90^l0^i025087
945    ^p90^l0^i025086
945    ^p90^l0^i025085
945    ^p90^l0^i025088
995    เกษร
999 ^a ใช้งานได้ทุกระบบ
รายการนี้ยังไม่มีแท็ก
คุณยังไม่ได้ล็อกอิน คุณสามารถมีกิจกรรมร่วมกับเว็บไซต์ได้ แต่ต้องล็อกอินก่อน ::
  ล็อกอิน

รายการสื่อสารสนเทศ

ลำดับที่ ประเภท เลขเรียก/บาร์โค้ด สถานที่ สถานะ
- ไม่พบข้อมูล -

BibComment


ยังไม่เคยถูกคอมเมนท์

คอมเมนท์ทรัพยากรรายการนี้
  คอมเมนท์: ปัญหาจิต ปัญหาใจ ..


 Copyright 2026. Bcnsprnw @Library